Plyn domácnostiam zdražie

SPP podal na Úrad pre reguláciu sieťových odvetví (ÚRSO) návrh na zvýšenie cien zemného plynu pre domácnosti - tie by sa mali od 1. októbra 2005 zvýšiť o 22 perc. Príčiny, ktoré vedú SPP k zvyšovaniu cien. Nepriaznivý vývoj na medzinárodných trhoch. V dôsledku nárastu cien plynu uvažujú o zvýšení ci...

ver descrição completa

Na minha lista:
Detalhes bibliográficos
Formato: Capítulo de Livro
Idioma:eslovaco
Assuntos:
Tags: Adicionar Tag
Sem tags, seja o primeiro a adicionar uma tag!

MARC

LEADER 00000naa$a2200000$$$4500
001 0031961
005 20231009081553.9
041 0 |a slo 
044 |a SK 
245 1 0 |a Plyn domácnostiam zdražie 
520 |a SPP podal na Úrad pre reguláciu sieťových odvetví (ÚRSO) návrh na zvýšenie cien zemného plynu pre domácnosti - tie by sa mali od 1. októbra 2005 zvýšiť o 22 perc. Príčiny, ktoré vedú SPP k zvyšovaniu cien. Nepriaznivý vývoj na medzinárodných trhoch. V dôsledku nárastu cien plynu uvažujú o zvýšení cien aj výrobcovia tepla (už od 1. septembra). 
610 2 0 |a plyn 
610 2 0 |a plyn zemný 
610 2 0 |a ceny 
610 2 0 |a zvyšovanie cien 
610 2 0 |a domácnosti 
610 2 0 |a teplo